Overland to India / (Record no. 22824)

MARC details
000 -LEADER
fixed length control field 00640cam a2200217u 4500
001 - CONTROL NUMBER
control field 7288832
003 - CONTROL NUMBER IDENTIFIER
control field BDDh-ASL
005 - DATE AND TIME OF LATEST TRANSACTION
control field 20231015030149.0
008 - FIXED-LENGTH DATA ELEMENTS--GENERAL INFORMATION
fixed length control field 830118s1910 enkbcf 000 0 eng
010 ## - LIBRARY OF CONGRESS CONTROL NUMBER
LC control number a 11000019
040 ## - CATALOGING SOURCE
Original cataloging agency DLC
Transcribing agency CarP
Modifying agency DLC
-- BDDh-ASL
050 00 - LIBRARY OF CONGRESS CALL NUMBER
Classification number DS258
Item number .H4
082 ## - DEWEY DECIMAL CLASSIFICATION NUMBER
Classification number 954
Item number HEO
100 1# - MAIN ENTRY--PERSONAL NAME
Personal name Hedin, Sven Anders,
Dates associated with a name 1865-1952.
245 10 - TITLE STATEMENT
Title Overland to India /
260 ## - PUBLICATION, DISTRIBUTION, ETC.
Place of publication, distribution, etc. London :
Name of publisher, distributor, etc. Macmillan and co.,
Date of publication, distribution, etc. 1910.
300 ## - PHYSICAL DESCRIPTION
Extent 2 v.
Other physical details fronts., col. plates, ports., 2 fold. maps.
Dimensions 23 cm.
651 #0 - SUBJECT ADDED ENTRY--GEOGRAPHIC NAME
Geographic name Iran
General subdivision Description and travel.
906 ## - LOCAL DATA ELEMENT F, LDF (RLIN)
a 0
b cbc
c premunv
d u
e ncip
f 19
g y-gencatlg
942 ## - ADDED ENTRY ELEMENTS (KOHA)
Source of classification or shelving scheme Dewey Decimal Classification
Koha item type Books
Holdings
Withdrawn status Lost status Source of classification or shelving scheme Damaged status Not for loan Collection code Home library Current library Shelving location Date acquired Source of acquisition Total Checkouts Full call number Barcode Date last seen Copy number Price effective from Koha item type Public note
    Dewey Decimal Classification Damaged Not For Loan Non-fiction Asiatic Society Library Asiatic Society Library General Stacks 03/06/2021 ASB Library Collections   954 HEO 107145 03/06/2021 C-1 03/06/2021 Books RARE
    Dewey Decimal Classification Damaged Not For Loan Non-fiction Asiatic Society Library Asiatic Society Library General Stacks 03/06/2021 ASB Library Collections   954 HEO 107170 03/06/2021 C-2 03/06/2021 Books RARE

Powered by Koha